000 00557nam a22002297a 4500
003 UA-OsUOA
001 66088
007 ta
008 20091218b un ||||| |||| 00| 0 ukr d
100 _aАйні С.
090 _a821.161.1
_bА37
942 _cBK
040 _aUA-OsUOA
_bukr
_cUA-OsUOA
_dUA-OsUOA
245 _aБухара
300 _a623 с.
955 _a2
041 _aukr
080 _a821.161.1
260 _aК.
_bДніпро
_c1972
650 7 _a82 Література. Літературознавство
_2UDC
999 _c351872
_d351872